Apuntes para el estudio del Estado oligárquico en Guatemala y su papel en el desarrollo capitalista

Guardado en:
書目詳細資料
格式: Texto
出版: Tegucigalpa :
標簽: 添加標簽
沒有標簽, 成為第一個標記此記錄!

MARC

LEADER 00000 a a2200000 04500
001 15653
003
040
090 |a 029800  
245 |a Apuntes para el estudio del Estado oligárquico en Guatemala y su papel en el desarrollo capitalista  
260 |a Tegucigalpa :  
300 |a 6 p.  
999 |c 12149  |d 12149